00629cam a22002057a 4500003000500000005001700005008004100022010001000063011001000073035001000083040000900093100002200102245009600124260006000220300001000280490001200290500008400302650002500386830001200411CHAP20220329140649.0971013s1965 r 00010 d a55619 a56591 a60744 cCHAP00aScott, Kenneth L.14aLos clubes rurales de la juventud y su influencia en la formación de futuros agricultores aWashington :bBanco Interamericano de Desarrollo,c1965 a40 p. 0aDoc. 16 aJornadas de financiamiento agrícola en América Latina. Viña del Mar, 196514aAgriculturaxClubes.0 aDoc. 16